The theory of taxation /

Saved in:
Bibliographic Details
Main Author: Allan, Charles M.
Format: Book
Language:English
Published: Harmondsworth : Penguin, 1971.
Series:Penguin modern economics texts. Microeconomics
Subjects:
LEADER 00939nam a2200277 a 4500
001 c000352992
003 CARM
005 00000000000000.0
008 711207s1971 enka b 00110 eng
019 1 |a 27508954  |z 42882  |5 LACONCORD2021 
020 |a 014080207X 
035 |a (OCoLC)212493  |5 LACONCORD2021 
040 |d SIT 
050 0 0 |a HJ2305  |b .A5 
100 1 |a Allan, Charles M. 
245 1 4 |a The theory of taxation /  |c Charles M. Allan. 
260 |a Harmondsworth :  |b Penguin,  |c 1971. 
300 |a 206 p. ;  |c 18 cm. 
490 0 |a Penguin modern economics texts. Microeconomics 
500 |a Includes index. 
504 |a Bibliography: p. [189]-192. 
650 0 |a Taxation. 
852 8 |b CARM  |h A1:AM33G0  |i A05136  |p 0442235  |f BK 
082 0 4 |a 336.2  |2 20 
999 f f |i c471971f-9fb4-58e0-8adf-ccc3ceea262a  |s a29e607d-79bf-5154-b78e-2a3770bd8045 
952 f f |p Can circulate  |a CAVAL  |b CAVAL  |c CAVAL  |d CARM 1 Store  |e A05136  |f A1:AM33G0  |h Other scheme  |i book  |m 0442235